000 00825nam a2200229Ii 4500
003 JO-AjNU
008 230605s9999||||xx |||||||||||||| ||und||
017 _a2021/8/4427
020 _a978-9923-77-900-2
040 _aJO-AjNU
_bara
_erda
_cJO-AjNU
041 _aara
050 1 4 _aLB1169.2022
100 3 _aالدخيلي، سهام عبدالهادي,
_eauthor
_962317
245 0 0 _aبحوث تطبيقية اكاديمية حول مرحلة رياض الاطفال ومعلماتها
250 _aط1
264 3 1 _aعمان: دار زاد ناشرون وموزعون، 2022
300 _a258ص
336 _atext
_btxt
_2rdacontent
337 _aunmediated
_bn
_2rdamedia
338 _avolume
_bnc
_2rdacarrier
650 4 _aالتعليم قبل المدرسة-المعلمون-التطوير التربوي
_962318
999 _aA28213
_c31781
_d31781